| 000 | 00893cam a2200253 a 4500 | ||
|---|---|---|---|
| 001 | 000012145 | ||
| 005 | 20251107110522.0 | ||
| 008 | 930715s1988 pe a b 000 0 spa | ||
| 040 |
_aDO-SdBNP _bspa _cDLC _dBNPHU |
||
| 082 |
_a028 _bS211a |
||
| 100 | 1 |
_aSánchez Lihon, Danilo. _d1944- _928703 |
|
| 245 | 1 | 3 |
_aLa aventura de leer / _cDanilo Sánchez Lihon; introducción Juan Mejía Baca. |
| 260 |
_aPerú : _bParamonga, _bBiblioteca Nacional del Perú, _c1988. |
||
| 300 |
_a108 p. : _bil. ; _c21 cm. |
||
| 490 | 1 | _aPerulibros | |
| 500 | _aSerie distribuida gratuita editada por la Biblioteca Nacional de Peru | ||
| 504 | _aIncluye referencias bibliográficas (p. 107-108). | ||
| 650 | 0 |
_aLibros y lectura _91512 |
|
| 650 | 4 |
_aLectura _zPeru _928704 |
|
| 650 | 0 |
_aPromoción de la lectura _97321 |
|
| 830 | 0 |
_aPerulibro _928705 |
|
| 910 | _aCatalogación por copia / LC | ||
| 049 | _aBNGR | ||
| 999 |
_c11810 _d11810 |
||